وزارة الأوقاف فى اتنى عشرعاما 1952-1964
محفوظ في:
مؤلف مشترك:
التنسيق: كتاب
اللغة: Undetermined
منشور في:
Al-Qāhirah
Idarat al-wathayiq wal-maktabat biwizarat al-'awqaf
الوسوم: إضافة وسم
لا توجد وسوم, كن أول من يضع وسما على هذه التسجيلة!
رقم الطلب: N33 WAOF
| LEADER | 00434nam a2200121Ia 4500 | ||
|---|---|---|---|
| 008 | 240404s9999||||xx |||||||||||||| ||und|| | ||
| 050 | 4 | |a N33 WAOF | |
| 110 | 0 | |a ادارة الوثائق والمكتبات بوزارة الأوقاف. | |
| 245 | 1 | 0 | |a وزارة الأوقاف فى اتنى عشرعاما 1952-1964 |
| 264 | 1 | |a Al-Qāhirah |b Idarat al-wathayiq wal-maktabat biwizarat al-'awqaf | |
| 300 | |a 241 |c 25 | ||
| 942 | |2 lcc |c BK | ||
| 999 | |c 58095 |d 58095 | ||
